[Event "ACL-A084"]
[Site "www.playchess.de"]
[Date "2001.03.21"]
[Round "2"]
[White "stud"]
[Black "iq160"]
[WhiteElo "1500"]
[BlackElo "1676"]
[PlyCount "42"]
[Result "0-1"]

1.e4 {gl 2 u}  c5 2.Nf3 d6 {gl 2 u 2}  3.g3 Nf6 
4.c3 {whats up tonight}  Nc6 5.d4 cxd4 6.Bb5 Nxe4 
{seems u think little of e4-pawn}  7.Qa4 {the 
clearance sack works in tourneys, so why not try 
it here}  Nc5 {lol it doesnt work here!!!}  
8.Bxc6+ bxc6 9.Qxc6+ Bd7 10.Qd5 Nd3+ 11.Ke2 Nxc1+ 
{I'm gonna have a break for a couple of days, so 
long.}  12.Rxc1 dxc3 13.Nxc3 e6 14.Qe4 Be7 15.Nd4 
d5 16.Qf3 Qb6 17.Nb3 O-O 18.g4 f5 19.Rcg1 fxg4 
20.Qxg4 Qxf2+ 21.Kd1 Rf7 0-1

[Event "HCL-C160"]
[Site "www.playchess.de"]
[Date "2001.03.21"]
[Round "8"]
[White "dcscott"]
[Black "soymilk"]
[WhiteElo "598"]
[BlackElo "1201"]
[PlyCount "46"]
[Result "0-1"]

1.Nf3 {Hi from Westerville, Ohio.  Good luck!}  
Nf6 {Good luck to you as well!}  2.g3 b6 3.Bg2 Bb7 
4.O-O g6 5.d3 Bg7 6.c4 d6 7.Nc3 Nbd7 8.b3 Nd5 
9.Bd2 Nxc3 10.Bxc3 Bxc3 11.Rc1 Bg7 12.d4 O-O 
13.Re1 Re8 14.e4 e5 15.d5 Nf6 16.Nh4 c6 17.f3 cxd5 
18.cxd5 Rc8 19.Bh3 Rc7 20.Nf5 gxf5 21.exf5 Rxc1 
22.Qxc1 Qc8 23.Qe3 Qc5 0-1

[Event "HCL-C164"]
[Site "www.playchess.de"]
[Date "2001.03.21"]
[Round "5"]
[White "KillMe"]
[Black "Colm"]
[WhiteElo "800"]
[BlackElo "1273"]
[PlyCount "24"]
[Result "0-1"]

1.e4 {Hi}  c5 {hi - welcome !}  2.Nc3 Nc6 3.Bc4 
Nf6 4.d3 e6 5.Nf3 d5 {Sorry, I've been away}  6.e5 
{No prob, I like the easy speed of this 
tournament:-)}  dxc4 7.exf6 Qxf6 8.Bg5 Qg6 9.dxc4 
h6 10.Bf4 Be7 11.O-O O-O 12.Nb5 
Rd8 0-1

[Event "HCL-B153"]
[Site "www.playchess.de"]
[Date "2001.03.21"]
[Round "2"]
[White "dgrudny"]
[Black "Scorpio"]
[WhiteElo "1500"]
[BlackElo "1229"]
[PlyCount "25"]
[Result "1-0"]

1.e4 c6 2.d4 d5 3.e5 Na6 4.Nf3 g6 5.Be3 Bg4 6.Nbd2 
Bg7 7.h3 Bxf3 8.Nxf3 e6 9.Qd2 Nc7 10.Bd3 Ne7 
11.Bh6 Bxh6 12.Qxh6 Nf5 13.Bxf5 1-0

[Event "HCL-B160"]
[Site "www.playchess.de"]
[Date "2001.03.21"]
[Round "5"]
[White "jonte2"]
[Black "pird"]
[WhiteElo "1581"]
[BlackElo "1498"]
[PlyCount "109"]
[Result "1-0"]

1.d4 f5 2.Nf3 Nf6 3.e3 g6 4.Bd3 Bg7 5.Nbd2 O-O 
6.c4 d6 7.O-O Qe8 8.Re1 e5 9.Ng5 a5 10.f4 e4 
11.Bc2 c6 12.Rb1 Na6 13.Bb3 Bd7 14.Qe2 Nb4 15.a3 
Nd3 16.Rd1 Kh8 17.Bc2 Nxc1 18.Rdxc1 c5 19.dxc5 
dxc5 20.Rcd1 Ng4 21.Nb3 b6 22.h3 Nf6 23.Qf2 h6 
24.Rd6 Rb8 25.Qh4 Kg8 26.Rbd1 hxg5 27.fxg5 Nh7 
28.R6xd7 Rf7 29.R7d6 Re7 30.Rb1 Rd7 31.Rxd7 Qxd7 
32.Qf4 Rd8 33.g4 Qd6 34.Qxd6 Rxd6 35.h4 Re6 
36.gxf5 gxf5 37.Kg2 Nf8 38.h5 Rd6 39.h6 Be5 40.Kh3 
Kh7 41.a4 Kg6 42.Kh4 Ne6 43.Rg1 Bxb2 44.Bd1 Rd3 
45.Bh5+ Kh7 46.Bf7 Nd8 47.Nc1 Rxe3 48.Bh5 Bc3 
49.Ne2 Be5 50.Rb1 Bc7 51.Rf1 Ra3 52.Rxf5 Rxa4 
53.Rd5 Ne6 54.Rd7+ Kh8 55.Bg4 1-0

[Event "HCL-B163"]
[Site "www.playchess.de"]
[Date "2001.03.21"]
[Round "6"]
[White "Christopher"]
[Black "Zeus"]
[WhiteElo "1117"]
[BlackElo "1676"]
[PlyCount "83"]
[Result "1/2-1/2"]

1.e4 c5 2.Nf3 Nc6 3.d4 cxd4 4.Nxd4 g6 5.c4 Bg7 
6.Be3 Nf6 7.Nc3 Ng4 {Greetings...fellow American!} 
 8.Qxg4 Nxd4 9.Qd1 {Greetings Zeus.}  Ne6 {I am 
glad that there is someone on this site that 
does'ttake a month between moves!  What do you 
thi}  10.Rc1 b6 11.Bd3 Bb7 {Something wrong with 
message board.}  12.O-O {Looks like it keeps the 
last message sent.}  O-O {Oh well...what part of 
the U.S. are you from?  I am from Illinois.   
BTW...my name is John}  13.b4 {Nice to meet you 
John. I'm in south Florida although I plan on 
moving to Ohio in the near future.}  Nd4 {You 
might want to wait until winter is over...lol!  Do 
you have a favorite player?}  14.c5 {Good idea : ) 
It'll be a few months before my house sells.  
Favorite player would be Morphy.}  bxc5 {Excellent 
choice!!  He is my second favorite...behind 
Fischer.  I just read a novel about Morphy.}  
15.bxc5 {Would that book be "The Chess Players" by 
Keyes?}  d6 {That is correct...interesting book. 
Found it in a old bookstore for 50 cents!}  
16.Bxd4 {I bought a copy on ebay for a couple 
bucks.}  Bxd4 {Do you think the assumption was 
correct re Paul's madness being due to a lover's 
death?}  17.cxd6 {It makes a good story...but I 
think the author took a bit of poetic license with 
history.}  Be5 {I agree...the real story is still 
some what of a mystery and a tragedy.}  18.dxe7 
{That it is. Guess we shall never know the whole 
story.}  Qxe7 19.Nd5 Qd6 20.g3 Bxd5 21.exd5 Qxd5 
22.Bc4 Qxd1 23.Rfxd1 Rfd8 24.Rxd8+ Rxd8 25.Re1 Bf6 
26.Bb5 Kg7 27.Kg2 Rd2 28.a4 Bd4 {Play against 
computers very much?}  29.Re2 {No. I play on this 
server & another email league. I play some local 
folks OTB on occasion. You?}  Rxe2 {Too busy.  I 
spend too much time yelling at computers to play 
them!}  30.Bxe2 {I know thw feeling.}  a5 {You 
paly very well...much stronger than your rating 
indicates ;-))}  31.f4 {Thanks. I wish I was more 
consistant. All too often I make a hasty move & 
learn to regret it later.}  f5 {You have been 
consistent in our game...machine-like!}  32.h4 
{I'm back. Sorry for the delay.}  Kf6 {Ok}  33.Bc4 
Ke7 34.Kf3 {Been on the road for the past few 
weeks.}  h6 {sorry for my impatience.}  35.g4 
fxg4+ 36.Kxg4 Kf6 37.h5 gxh5+ 38.Kxh5 Kf5 39.Kxh6 
Kxf4 {Not yet...amazing how strong you play.}  
40.Bb5 Ke5 41.Kg6 {Looks like a draw from here  : 
)}  Be3 {I still don't see how you could play so 
well with such a low rating.}  
42.Kf7 1/2-1/2

[Event "HCL-A072"]
[Site "www.playchess.de"]
[Date "2001.03.21"]
[Round "2"]
[White "satura"]
[Black "peze"]
[WhiteElo "1838"]
[BlackElo "1959"]
[PlyCount "47"]
[Result "1/2-1/2"]

1.c4 {Hallo! Ich hoffe auf eine interessante 
Partie!}  e5 {Hallo Sven! Ich freue mich auf eine 
schöne uns spannende Partie. Gruß Peter}  2.Nc3 
Nf6 3.g3 Bb4 4.Bg2 O-O 5.e4 Bxc3 6.bxc3 c6 7.Qb3 
d6 8.Ne2 Nfd7 9.O-O Nc5 10.Qc2 f5 11.f3 fxe4 
12.fxe4 Rxf1+ 13.Bxf1 Qe8 14.Bg2 b6 15.d3 Qh5 
16.Be3 Nbd7 17.Rf1 Nf6 18.Bxc5 bxc5 19.Bf3 Bg4 
20.Kg2 Bh3+ 21.Kh1 Qh6 22.Rf2 Rb8 23.Ng1 Be6 
24.Be2 1/2-1/2

[Event "HCL-A072"]
[Site "www.playchess.de"]
[Date "2001.03.21"]
[Round "17"]
[White "Dany"]
[Black "Fuky"]
[WhiteElo "1437"]
[BlackElo "1700"]
[PlyCount "21"]
[Result "1-0"]

1.d4 {Hi...good game!}  d5 2.c4 e6 {hello from 
Czech rep.o) and good luck}  3.e3 Nf6 4.Nc3 Nbd7 
5.Nf3 c6 6.Bd3 dxc4 7.Bxc4 b5 8.Bd3 Bd6 9.O-O O-O 
10.e4 e5 11.dxe5 1-0

[Event "HCL-C173"]
[Site "www.playchess.de"]
[Date "2001.03.21"]
[Round "5"]
[White "tomthebomb"]
[Black "heZZZie"]
[WhiteElo "1000"]
[BlackElo "810"]
[PlyCount "24"]
[Result "0-1"]

1.e4 {good luck}  c6 2.Nc3 d5 3.d4 {gij bent ne 
rare hé}  dxe4 4.Nxe4 Bf5 5.Ng3 Bg6 6.Bd3 Bxd3 
7.Qxd3 Nf6 8.Nf3 Nbd7 9.Ng1 e6 10.Nf3 {from which 
state are you?}  Be7 {Michigan}  11.O-O O-O 12.c3 
c5 0-1

[Event "ACL-A091"]
[Site "www.playchess.de"]
[Date "2001.03.21"]
[Round "12"]
[White "Drawmaster"]
[Black "hun"]
[WhiteElo "1500"]
[BlackElo "1620"]
[PlyCount "35"]
[Result "1-0"]

1.c4 {Best of luck}  e5 { :)}  2.Nc3 Nc6 3.Nf3 Nf6 
4.g3 d5 5.cxd5 Nxd5 6.Bg2 Nb6 7.O-O Be7 8.a3 O-O 
9.e3 Qd3 10.b4 Nd7 11.Na4 a5 12.Nb2 Qb5 13.Re1 e4 
14.Bf1 Qf5 15.Nh4 Bxh4 16.gxh4 axb4 17.Nc4 Nde5 
18.Bb2 1-0

[Event "ACL-A091"]
[Site "www.playchess.de"]
[Date "2001.03.21"]
[Round "17"]
[White "hun"]
[Black "Zsozso"]
[WhiteElo "1620"]
[BlackElo "1548"]
[PlyCount "34"]
[Result "0-1"]

1.d4 {hallo, Zsolt! Elöször jatszok egy magyar 
fiuval!Mar azt hittem magyarok nem jatszanak 
sakkot!  :-)}  f5 {Hello! A magyarok játszák csak 
igazán! Honnan tudsz magyarul?}  2.Nf3 {Anyam 
magyar leany volt, azert  hivnak engemet most 
Laszlonak!  ;) Te hol vagy? En Becsi vagyok.  :)}  
Nf6 {Én Zalaegerszegen lakom. Játszol 
egyesületben?}  3.g3 {Nem, sajnos keves idöm van 
jatszani es en nem vagyok ojan jo sakkozo,hogy 
Clubban jatszak! :) es te?}  g6 {Zalaegerszegen a 
CSUTI SK-ban játszom.}  4.Bg2 {...akkor vigyaznom 
kell,hogy ne sok hibat kövessek el, ugye!??   ;))} 
 Bg7 {Nem vagyok én olyan erõs játékos.}  5.O-O 
{Nalatok mijen az idöjaras?Itt tavaszi idö van egy 
kis essövel.}  O-O {Nálunk ugyanaz, esõ nélkül. 
Gyönyörû az idõ.}  6.c4 {  :)}  d6 7.d5 Qe8 8.Nc3 
{Hallo!  :)}  Na6 9.Nd4 Bd7 10.Rb1 {Neked milyen 
kapcsolatod van az intrnetbe?Posta vagy 
masmilyen?}  c6 {Nekem a munkahelyemen van még 
csak internetem, de majd otthon is szeretném 
bevezettetni.}  11.b3 {Nekem  posta telefon 
volt,de az lassu es draga!Most Cabel-TV, ez 300 
000 bit/gyors es nem draga!}  Nc7 {Én is olyat 
szeretnék ami olcsó és gyors is.}  12.Bb2 {Jo 
reggelt! :)}  c5 {Jó reggelt!}  13.Nc2 {es most jo 
estet...      ;))}  b5 14.cxb5 {Remellem te jobb 
egessegben vagy mint en! Engemet a gripa 
elfogott!}  Nxb5 {Jobbulást!}  15.a4 {kösz...    
:)}  Nxc3 16.Bxc3 {   :-)}  Rb8 17.b4 
cxb4 0-1

[Event "HCL-C174"]
[Site "www.playchess.de"]
[Date "2001.03.21"]
[Round "12"]
[White "Stef"]
[Black "AtillaX"]
[WhiteElo "1199"]
[BlackElo "1000"]
[PlyCount "47"]
[Result "1-0"]

1.e4 Nc6 {hello}  2.c4 Nf6 3.d3 {Hello}  g5 4.Nf3 
e5 5.a4 b6 6.Nxg5 Bh6 7.h4 Rg8 {prepare to be 
impaled your head will be on my pike}  8.Nc3 d6 
{your torment will be slow & painful}  9.g3 Bg4 
10.f3 Bd7 {are you always so quiet}  11.Bh3 {my 
english is not so good}  Qc8 {you are a good 
player}  12.b3 {thats meant ironically, isnt it}  
Qb7 {no I am still learning,I was serious}  13.O-O 
{i am still learning, too}  Nd4 14.Rb1 O-O-O {are 
there any chess books or sites you recommend}  
15.Nxf7 {no, i'm learning by doing.}  Rdf8 16.Nxh6 
Rxg3+ 17.Kh2 Nf5 18.Nxf5 Rfg8 19.Ne7+ Kd8 20.Nf5 
R8g6 21.Ba3 Qc6 22.Nb5 a6 23.Na7 Qb7 
24.Rg1 1-0

[Event "HCL-A074"]
[Site "www.playchess.de"]
[Date "2001.03.21"]
[Round "27"]
[White "Drugo_Izdanje"]
[Black "Slide"]
[WhiteElo "1873"]
[BlackElo "1615"]
[PlyCount "43"]
[Result "1-0"]

1.e4 e5 2.d4 exd4 3.c3 dxc3 4.Bc4 cxb2 5.Bxb2 Bb4+ 
6.Nc3 Qe7 7.Qc2 Nc6 8.a3 Ba5 9.Nf3 Nf6 10.O-O O-O 
11.Ng5 h6 12.Nf3 d6 13.Nd5 Nxd5 14.Bxd5 Ne5 15.Bc3 
Nxf3+ 16.gxf3 Bh3 17.Kh1 Bxc3 18.Qxc3 Bxf1 19.Rxf1 
c6 20.Rg1 g6 21.Rxg6+ Kh7 {well done}  22.Qg7+ 
{Thanks for an exciting game}  1-0

[Event "ACL-A093"]
[Site "www.playchess.de"]
[Date "2001.03.21"]
[Round "10"]
[White "deepcover"]
[Black "Zsozso"]
[WhiteElo "1735"]
[BlackElo "1548"]
[PlyCount "68"]
[Result "0-1"]

1.c4 f5 2.g3 Nf6 3.Bg2 g6 4.Nf3 Bg7 5.O-O O-O 6.d4 
d6 7.Nc3 Qe8 8.b3 e5 9.dxe5 dxe5 10.e4 Nc6 11.Nd5 
Qd7 12.Nxf6+ Bxf6 13.Bb2 Qxd1 14.Raxd1 fxe4 15.Nd2 
Bg4 16.Rde1 Rad8 17.Nxe4 Bg7 18.Ng5 Rd2 19.Bd5+ 
Kh8 20.Ba3 Rf5 21.f3 Rxa2 22.Bc1 h6 23.Nf7+ Rxf7 
24.Bxf7 Bf5 25.Be3 Bc2 26.c5 Nd4 27.Bxd4 exd4 
28.Rf2 Bf6 29.Bxg6 d3 30.Kh1 Bd4 31.Rg2 Bc3 
32.Re8+ Kg7 33.Bxd3 Ra1+ 34.Bf1 
Rxf1+ 0-1

[Event "ACL-A095"]
[Site "www.playchess.de"]
[Date "2001.03.21"]
[Round "2"]
[White "Argus"]
[Black "vishnawathen"]
[WhiteElo "1500"]
[BlackElo "1500"]
[PlyCount "35"]
[Result "1-0"]

1.e4 e5 {hello where exactly are you from}  2.Nf3 
Nc6 3.Bb5 Nf6 4.Nc3 Bb4 5.a3 Bxc3 6.dxc3 Nxe4 
7.Qe2 d5 8.Nxe5 O-O 9.Bxc6 bxc6 10.Nxc6 Qd6 11.Nd4 
c5 12.Nf3 Re8 13.Ng5 Bf5 14.O-O Nxg5 15.Qb5 c4 
16.Bxg5 Rab8 17.Qa4 Qg6 18.Rfe1 1-0

[Event "HCL-E022"]
[Site "www.playchess.de"]
[Date "2001.03.21"]
[Round "7"]
[White "peze2"]
[Black "Goofy"]
[WhiteElo "2294"]
[BlackElo "2169"]
[PlyCount "77"]
[Result "1-0"]

1.d4 {Sorry Erik, ich kann nichts dafür, wenn ich 
wieder weiß habe.}  Nf6 {I understand, good 
game!!}  2.c4 g6 3.Nf3 c5 4.Nc3 cxd4 5.Nxd4 Nc6 
6.e4 d6 7.Be2 Bg7 8.Be3 O-O 9.O-O Bd7 10.Qd2 Rc8 
11.f3 a6 12.Rac1 Nxd4 13.Bxd4 Be6 14.b3 Qa5 15.Rc2 
Qh5 16.f4 Bg4 17.Bxg4 Nxg4 18.h3 Bxd4+ 19.Qxd4 Nf6 
20.e5 dxe5 21.fxe5 Rcd8 22.Qe3 Ne8 23.e6 Nf6 
{Hallo Peter, tut mir leid, ich war in letzter 
Zeit beruflich ziemlich im Stress}  24.Rxf6 {Macht 
nix! Das geht vor. Aber hoffentlich hab ich jetzt 
genau gerechnet.}  exf6 25.e7 Rd1+ 26.Kh2 Re8 
27.g4 Qe5+ 28.Qxe5 fxe5 29.Nxd1 Rxe7 30.Rd2 f5 
31.gxf5 gxf5 32.Ne3 f4 33.Rd8+ Kf7 34.Nd5 Re6 
35.Rd7+ Kf8 36.Rxb7 f3 37.Rxh7 e4 38.Ne3 Rg6 
39.Rh4 1-0

[Event "HCL-B184"]
[Site "www.playchess.de"]
[Date "2001.03.21"]
[Round "9"]
[White "iq160"]
[Black "quant"]
[WhiteElo "1349"]
[BlackElo "1260"]
[PlyCount "49"]
[Result "1-0"]

1.d4 Nf6 2.Bg5 Ne4 3.Bh4 {I'm gonna have a break 
for a couple of days, so long.}  c5 4.f3 g5 5.fxe4 
gxh4 6.e3 Nc6 7.Bc4 e6 8.Nf3 Bg7 9.c3 a6 10.a4 b6 
11.Nbd2 Bb7 12.e5 Rg8 13.Ne4 Na5 14.Nd6+ Kf8 
15.Bd3 Bh6 16.b4 c4 17.Bxh7 Rg7 18.bxa5 Bxf3 
19.Qxf3 Rxh7 20.Rf1 f5 21.exf6 Rb8 22.Qe4 Kg8 
23.f7+ Kh8 24.Ne8 Qe7 25.Qe5+ 1-0

[Event "ACL-A098"]
[Site "www.playchess.de"]
[Date "2001.03.21"]
[Round "11"]
[White "opressor"]
[Black "Trafalmadore"]
[WhiteElo "1500"]
[BlackElo "1500"]
[PlyCount "23"]
[Result "1-0"]

1.d4 Nf6 2.c4 e6 3.Nc3 Bb4 4.Nf3 c5 5.Bd2 cxd4 
6.Nxd4 Nc6 7.Nxc6 bxc6 8.Qc2 d5 9.a3 Be7 10.e3 O-O 
11.Bd3 Bb7 12.O-O-O 1-0

[Event "HCL-B190"]
[Site "www.playchess.de"]
[Date "2001.03.21"]
[Round "11"]
[White "samar"]
[Black "Gruhni"]
[WhiteElo "1483"]
[BlackElo "1313"]
[PlyCount "43"]
[Result "1-0"]

1.Nc3 e6 2.e4 d5 3.d4 Bb4 4.Nge2 Nc6 5.a3 Ba5 6.b4 
Bb6 7.Be3 dxe4 8.Nxe4 Nf6 9.Nxf6+ Qxf6 10.c4 a6 
11.c5 Ba7 12.Ng3 O-O 13.Bd3 Nxd4 14.Bxd4 e5 15.Be3 
b6 16.O-O Bb7 17.Qh5 g6 18.Qh6 Qg7 19.Qh4 h5 20.f4 
exf4 21.Qxf4 Qc3 22.Bc4 1-0

[Event "HCL-B179"]
[Site "www.playchess.de"]
[Date "2001.03.21"]
[Round "1"]
[White "Oxe"]
[Black "pauls"]
[WhiteElo "1551"]
[BlackElo "1200"]
[PlyCount "43"]
[Result "1-0"]

1.e4 Nf6 2.e5 Ng4 3.Qxg4 e6 {opps on last move}  
4.d4 g6 5.Bg5 Be7 6.Bxe7 {your 2nd (Ng4) was 
OOPS!}  Qxe7 7.Nd2 Nc6 8.Ngf3 Nb4 9.Qe4 d5 10.exd6 
Qxd6 11.c3 f5 12.Qb1 O-O 13.cxb4 Qxb4 14.Qc2 c6 
15.Bc4 b5 16.Bb3 Bb7 17.Bxe6+ Kg7 18.O-O c5 19.a3 
Qa5 20.Qxc5 Rae8 21.Bd7 Rf7 22.Bxe8 1-0

[Event "HCL-B179"]
[Site "www.playchess.de"]
[Date "2001.03.21"]
[Round "11"]
[White "Oxe"]
[Black "Michael_Schenk"]
[WhiteElo "1551"]
[BlackElo "1227"]
[PlyCount "51"]
[Result "1-0"]

1.e4 c5 {Gruesse aus Hamburg. Viel Spass!}  2.c3 
{Grüße zurück aus Berlin!}  d5 3.exd5 Qxd5 4.d4 
Nc6 5.Nf3 cxd4 6.cxd4 e5 7.Nc3 Bb4 8.Bd2 Bxc3 
9.Bxc3 e4 10.Ne5 Nxe5 11.dxe5 Ne7 12.Be2 Bf5 
13.O-O O-O 14.Qc1 h6 15.g4 Bd7 16.Rd1 Qe6 17.Rd6 
Qxg4+ {Tja, und so habe ich eine recht solide 
Stellung verbaselt...}  18.Bxg4 {Ja, abgesehen vom 
letzten Zug war's wirklich recht solide!}  Bxg4 
{That´s life ;-) Mal sehen, ob ich noch was retten 
kann.}  19.Qf4 Bf5 20.Qg3 Be6 21.Qg2 Nf5 22.Rdd1 
e3 23.Qxb7 exf2+ 24.Kxf2 Rfb8 25.Qe4 Ne7 {Ich 
denke, da ist nichts mehr zu holen. Werde 
demnächst aufgeben.}  26.b3 1-0